Le fond des mers : Aspects juridiques, biologiqué st géologiqué
Gardado en:
| Autor Principal: | |
|---|---|
| Formato: | Libro |
| Idioma: | Undetermined |
| Publicado: |
Paris
Lbrairie Armand Colin
1971
|
| Những chủ đề: | |
| Các nhãn: |
Engadir etiqueta
Sen Etiquetas, Sexa o primeiro en etiquetar este rexistro!
|
| Thư viện lưu trữ: | Trung tâm Học liệu Trường Đại học Cần Thơ |
|---|
| LEADER | 00596nam a2200205Ia 4500 | ||
|---|---|---|---|
| 001 | CTU_80796 | ||
| 008 | 210402s9999 xx 000 0 und d | ||
| 082 | |a 343 | ||
| 082 | |b C699 | ||
| 100 | |a Colliard, C.-A. | ||
| 245 | 0 | |a Le fond des mers : | |
| 245 | 0 | |b Aspects juridiques, biologiqué st géologiqué | |
| 245 | 0 | |c C.-A. Colliard, R.-J. Dupuy, J. Polvêche | |
| 260 | |a Paris | ||
| 260 | |b Lbrairie Armand Colin | ||
| 260 | |c 1971 | ||
| 650 | |a Maritime law,Oceanography | ||
| 650 | |x Research | ||
| 904 | |i Trọng Hải | ||
| 980 | |a Trung tâm Học liệu Trường Đại học Cần Thơ | ||